Trouver le modèle du véhicule - voitures sportives - Statistiques

Statistiques générales
  • Ce quiz a été pris 678 fois
  • Le résultat moyen est 15 sur 20
Statistiques - réponses
Par images Réponse % Correct
Chiron
93%
Ford GT
91%
R8
89%
GTR Nismo
86%
Aventador
85%
Laferrari
81%
A110
80%
Corvette C8
80%
I8
80%
918 Spyder
76%
Camaro
76%
Challenger
76%
Senna
73%
Continental
72%
Viper
72%
Zonda
69%
LFA
67%
Agera
63%
Exige
40%
Lykan
30%
Aucun quiz correspondant
Distribution des résultats
% des personnes avec chaque résultat
Percentile par nombre de réponses
Votre historique - résultats
Vous n’avez pas pris ce quiz